00366nam a22001337a 4500020001800000082001300018100001600031245005400047260003700101300000800138650003000146650002300176856003300199 a9780128148914 a621.3ZAR aZari, Kazem aOperation of Distributed Energy Resources System  aNew DelhibAcademic press c2018 a406 aRenewable energy sources  aSmart power grids  uhttps://tinyurl.com/p92vt869